Pankudiyan (Kavy Sanklan) (Record no. 737)

MARC details
000 -LEADER
fixed length control field 00299nam a2200121Ia 4500
008 - FIXED-LENGTH DATA ELEMENTS--GENERAL INFORMATION
fixed length control field 191201s2002 xx 000 0 und d
100 ## - MAIN ENTRY--PERSONAL NAME
Personal name GUPT, Vijay
245 #0 - TITLE STATEMENT
Title Pankudiyan (Kavy Sanklan)
260 ## - PUBLICATION, DISTRIBUTION, ETC. (IMPRINT)
Place of publication, distribution, etc N. Delhi
Name of publisher, distributor, etc Aarya Samaj Sainik
Date of publication, distribution, etc 2002
300 ## - PHYSICAL DESCRIPTION
Extent 176
650 ## - SUBJECT ADDED ENTRY--TOPICAL TERM
Topical term or geographic name as entry element General Books
942 ## - ADDED ENTRY ELEMENTS (KOHA)
Source of classification or shelving scheme Dewey Decimal Classification
Koha item type Text Books
Holdings
Withdrawn status Lost status Source of classification or shelving scheme Damaged status Not for loan Collection code Home library Current library Date acquired Source of acquisition Bill Number Total Checkouts Full call number Acc. no. / Barcode Date last seen Bill Date Koha item type Public note
    Dewey Decimal Classification     GENERAL PIET C-LIBRARY PIET C-LIBRARY 10/07/2015 Donated By L R Baweja, Registrar DONATED BYREGISTRAR SIR   891.431 GUP 27893 04/12/2019 17/09/2015 Text Books .

Design & Developed by: PIET Central Library
R70 Miles Stone Pattikalyana Samalkha Panipat 132102
mail ID :- [email protected], Phone No:- 0180-2569700 Ex.216